Směry zdokonalování metodiky společného prognózování rozvoje vědy a techniky v zainteresovaných členských zemích RVHP průběžná zpráva SPEV 908.121.101
Guardado en:
| Autor principal: | |
|---|---|
| Otros Autores: | |
| Formato: | Libro |
| Lenguaje: | checo |
| Publicado: |
Praha
Ústav pro ekonomiku a řízení vědeckotechnického rozvoje
1982
|
| Etiquetas: |
Sin Etiquetas, Sea el primero en etiquetar este registro!
|
MARC
| LEADER | 00000nam a2200000 4500 | ||
|---|---|---|---|
| 001 | c130690 | ||
| 005 | 20251111085104.8 | ||
| 041 | 0 | |a cze | |
| 044 | |a CZ | ||
| 245 | 1 | 0 | |a Směry zdokonalování metodiky společného prognózování rozvoje vědy a techniky v zainteresovaných členských zemích RVHP |b průběžná zpráva SPEV 908.121.101 |c I. Ganev, P. Skalina |
| 264 | 1 | |a Praha |b Ústav pro ekonomiku a řízení vědeckotechnického rozvoje |c 1982 | |
| 300 | |a 25 s. | ||
| 100 | 1 | |a Ganev, I. | |
| 700 | 1 | |a Skalina, P. | |